[Event "Isle of Wight International"]
[Site "Ryde"]
[Date "2025.02.20"]
[Round "5.28"]
[White "Bharat Kumar, Balahari"]
[Black "Toma, Katarzyna"]
[Result "1/2-1/2"]
[WhiteElo "2022"]
[BlackElo "2199"]
[PlyCount "215"]
[EventDate "2025.02.18"]
[EventType "swiss"]
[EventRounds "9"]
[EventCountry "ENG"]
[SourceTitle "BritBase"]
[Source "John Saunders"]
[SourceDate "2025.02.21"]
[SourceVersion "1"]
[SourceVersionDate "2025.02.21"]
[SourceQuality "1"]

1. d4 Nf6 2. c4 e6 3. Nf3 b6 4. e3 Bb7 5. Bd3 d5 6. b3 Bb4+ 7. Nbd2 Nbd7 8. O-O O-O 9. Bb2 Ne4 10. Rc1 Rc8 11. Qe2 Qe7 12. Rc2 Bd6 13. cxd5 exd5 14. Ba6 Bxa6 15. Qxa6 Ndf6 16. h3 Rfe8 17. Qe2 h6 18. Rd1 Nxd2 19. Nxd2 Ne4 20. Nf3 Qe6 21. Rdc1 a5 22. Rc6 Qf5 23. Nh4 Qf6 24. Nf3 Re6 25. Ne5 Rce8 26. R1c2 Qf5 27. a4 f6 28. Nf3 h5 29. Nh4 Qh7 30. Qf3 g6 31. Kh1 f5 32. Qd1 f4 33. Bc1 g5 34. Nf3 g4 35. Ne5 g3 36. exf4 Nxf2+ 37. Rxf2 gxf2 38. Rc3 Bb4 39. Rg3+ Kh8 40. Rg5 Be1 41. Qf3 Rg8 42. Rxg8+ Kxg8 43. f5 Rf6 44. Qxd5+ Rf7 45. Qd8+ Rf8 46. Qd5+ Qf7 47. Nxf7 f1=Q+ 48. Kh2 Rxf7 49. Qd8+ Kh7 50. Qe8 Bg3+ 51. Kxg3 Rg7+ 52. Kh4 Qf2+ 53. Kxh5 Qxf5+ 54. Kh4 Qf2+ 55. Kh5 Qxg2 56. Qe6 Qg6+ 57. Qxg6+ Rxg6 58. Bf4 c6 59. Bc7 b5 60. axb5 cxb5 61. Bxa5 Rg3 62. b4 Rxh3+ 63. Kg5 Rf3 64. d5 Rd3 65. Kf5 Rxd5+ 66. Ke4 Rd7 67. Ke5 Kg6 68. Ke6 Rd4 69. Ke5 Rc4 70. Kd5 Kf5 71. Bb6 Rxb4 72. Kc5 Rb1 73. Ba5 Ke4 74. Bb4 Rb2 75. Kxb5 Kd5 76. Ka5 Kc4 77. Bd6 Rb1 78. Be7 Re1 79. Bd6 Re6 80. Bf8 Re8 81. Bd6 Rd8 82. Bc7 Rd7 83. Bb6 Kd5 84. Bf2 Rb7 85. Ka6 Kc6 86. Ka5 Rf7 87. Be3 Rf3 88. Bg1 Rb3 89. Bf2 Rb1 90. Be3 Kd5 91. Bf2 Rf1 92. Be3 Kc4 93. Ka6 Rf6+ 94. Kb7 Kb5 95. Ba7 Rf7+ 96. Ka8 Ka6 97. Bb8 Rh7 98. Bg3 Rh3 99. Bb8 Rh7 100. Bg3 Rf7 101. Bb8 Kb6 102. Bg3 Kc6 103. Bb8 Rf3 104. Ba7 Ra3 105. Kb8 Rb3+ 106. Ka8 Kd7 107. Bb8 Kc6 108. Ba7 1/2-1/2

[Event "Isle of Wight International"]
[Site "Ryde"]
[Date "2025.02.20"]
[Round "5.29"]
[White "Zheng, Harry Z"]
[Black "Fellowes, Billy"]
[Result "0-1"]
[WhiteElo "2198"]
[BlackElo "2066"]
[PlyCount "108"]
[EventDate "2025.02.18"]
[EventType "swiss"]
[EventRounds "9"]
[EventCountry "ENG"]
[SourceTitle "BritBase"]
[Source "John Saunders"]
[SourceDate "2025.02.21"]
[SourceVersion "1"]
[SourceVersionDate "2025.02.21"]
[SourceQuality "1"]

1. e4 c6 2. d4 d5 3. e5 Bf5 4. h4 h5 5. Bd3 Bxd3 6. Qxd3 e6 7. Bg5 Qa5+ 8. Nd2 Nh6 9. Bxh6 Rxh6 10. Ngf3 c5 11. c3 Nc6 12. O-O Qb6 13. a4 Be7 14. dxc5 Qxc5 15. b4 Qb6 16. a5 Qc7 17. Rfe1 Kf8 18. Nb3 Rc8 19. Rac1 Rg6 20. g3 Kg8 21. Qe3 Rg4 22. Qd3 Rc4 23. Nfd2 Rg4 24. Nf3 b6 25. a6 Rc4 26. Nfd2 Nxe5 27. Qe2 Bf6 28. Nxc4 dxc4 29. Nd2 Nd3 30. Ne4 Qe5 31. f4 Qc7 32. Nxf6+ gxf6 33. Qxh5 Nxc1 34. Rxc1 Rd8 35. Rd1 Rd3 36. Qg4+ Kf8 37. h5 f5 38. Qe2 Rxg3+ 39. Kh2 Qxf4 40. Rd4 Re3+ 41. Rxf4 Rxe2+ 42. Kg1 Re4 43. Rf2 Rh4 44. Rd2 Ke7 45. Kf1 Rxh5 46. Rd4 b5 47. Rd2 Rh1+ 48. Kg2 Ra1 49. Kf3 Rxa6 50. Ke3 Rd6 51. Ra2 a6 52. Kf4 Kf6 53. Re2 Rd3 54. Re5 Rf3+ 0-1

[Event "Isle of Wight International"]
[Site "Ryde"]
[Date "2025.02.20"]
[Round "5.30"]
[White "Vadalia, Jainill"]
[Black "Kaufman, Raymond"]
[Result "0-1"]
[WhiteElo "1998"]
[BlackElo "2178"]
[PlyCount "68"]
[EventDate "2025.02.18"]
[EventType "swiss"]
[EventRounds "9"]
[EventCountry "ENG"]
[SourceTitle "BritBase"]
[Source "John Saunders"]
[SourceDate "2025.02.21"]
[SourceVersion "1"]
[SourceVersionDate "2025.02.21"]
[SourceQuality "1"]

1. d4 Nf6 2. c4 e6 3. Nf3 c5 4. d5 d6 5. Nc3 exd5 6. cxd5 g6 7. e4 Bg7 8. Be2 O-O 9. O-O a6 10. a4 Re8 11. Qc2 Bg4 12. h3 Bxf3 13. Bxf3 Nbd7 14. Bf4 Qc7 15. Rfe1 c4 16. Be2 Rac8 17. Rac1 Qc5 18. Be3 Qb4 19. f3 b5 20. axb5 axb5 21. Ra1 Ra8 22. Kf1 Nh5 23. Rab1 Nc5 24. Red1 Be5 25. Bd4 Bxd4 26. Rxd4 Nb3 27. Rdd1 Qc5 28. g4 Nf4 29. h4 b4 30. Nb5 Nxe2 31. Qxe2 Qxb5 32. h5 Rab8 33. Kg2 c3 34. Qc2 Nd2 0-1

[Event "Isle of Wight International"]
[Site "Ryde"]
[Date "2025.02.20"]
[Round "5.31"]
[White "Hagesaether, Arne"]
[Black "Khoury, Theo"]
[Result "0-1"]
[WhiteElo "1993"]
[BlackElo "2124"]
[PlyCount "130"]
[EventDate "2025.02.18"]
[EventType "swiss"]
[EventRounds "9"]
[EventCountry "ENG"]
[SourceTitle "BritBase"]
[Source "John Saunders"]
[SourceDate "2025.02.21"]
[SourceVersion "1"]
[SourceVersionDate "2025.02.21"]
[SourceQuality "1"]

1. d4 d5 2. Nf3 Nf6 3. Bf4 c5 4. e3 Nc6 5. c3 e6 6. Nbd2 cxd4 7. exd4 Nh5 8. Bg3 Nxg3 9. hxg3 g6 10. a4 Bg7 11. Bd3 Qc7 12. O-O O-O 13. Re1 Bd7 14. b4 Rac8 15. Rc1 a6 16. Nb3 Rfe8 17. Bb1 b6 18. Bd3 a5 19. b5 Nd8 20. Nbd2 e5 21. Nxe5 Bxe5 22. dxe5 Rxe5 23. Nf3 Rxe1+ 24. Qxe1 Ne6 25. Qe3 Qc5 26. Qh6 d4 27. Nd2 Qg5 28. Qxg5 Nxg5 29. Nc4 Bf5 30. Be2 d3 31. Bxd3 Bxd3 32. Nxb6 Rc7 33. Nd5 Rc5 34. Nf6+ Kg7 35. b6 Ba6 36. Ne8+ Kf8 37. Nd6 Rc6 38. b7 Rb6 39. c4 Rb4 40. c5 Bxb7 41. c6 Bxc6 42. Rxc6 Ne4 43. Nxe4 Rxe4 44. Ra6 Rxa4 45. g4 h6 46. f3 Ra2 47. Kh2 a4 48. Kg3 a3 49. Kf4 Kg7 50. g3 Ra1 51. Ke3 a2 52. Kf4 Kf8 53. Ra7 Ke8 54. g5 h5 55. Ra8+ Ke7 56. Ra7+ Kd6 57. Ra6+ Kd5 58. Ra5+ Kc4 59. Ke5 Re1+ 60. Kf6 a1=Q+ 61. Rxa1 Rxa1 62. Kxf7 Ra6 63. f4 Kd5 64. f5 gxf5 65. g6 Ra3 0-1

[Event "Isle of Wight International"]
[Site "Ryde"]
[Date "2025.02.20"]
[Round "5.32"]
[White "Pai, Sidhanth"]
[Black "Rida, Ruqayyah"]
[Result "0-1"]
[WhiteElo "1746"]
[BlackElo "2101"]
[PlyCount "118"]
[EventDate "2025.02.18"]
[EventType "swiss"]
[EventRounds "9"]
[EventCountry "ENG"]
[SourceTitle "BritBase"]
[Source "John Saunders"]
[SourceDate "2025.02.21"]
[SourceVersion "1"]
[SourceVersionDate "2025.02.21"]
[SourceQuality "1"]

1. d4 Nf6 2. Nf3 g6 3. c4 Bg7 4. Nc3 O-O 5. e4 d6 6. Be2 e5 7. dxe5 dxe5 8. Qxd8 Rxd8 9. Bg5 Re8 10. Nd5 Nxd5 11. cxd5 c6 12. Bc4 cxd5 13. Bxd5 Nd7 14. Nd2 Nc5 15. Nc4 Be6 16. Nd6 Reb8 17. Rd1 Bf8 18. Be3 Bxd6 19. Bxe6 Nxe4 20. Bd5 Bb4+ 21. Ke2 Nf6 22. Bb3 a5 23. a3 Bf8 24. Rc1 a4 25. Ba2 b5 26. Rhd1 b4 27. Rc6 Ng4 28. Bc5 bxa3 29. bxa3 Rb2+ 30. Rd2 Rab8 31. Bxf8 Rxd2+ 32. Kxd2 Kxf8 33. Kc2 Nxf2 34. Rc7 f5 35. Rf7+ Ke8 36. Rxh7 Rc8+ 37. Kb1 Rc6 38. Bd5 Rb6+ 39. Kc2 Ng4 40. Rh3 Ke7 41. Bc4 e4 42. Kc3 Ne5 43. Rh7+ Kf6 44. Bd5 e3 45. Rh3 Rd6 46. Bf3 Rd3+ 47. Kb2 Nxf3 48. Rxf3 e2 49. Rxd3 e1=Q 50. Rc3 Qg1 51. g3 Qxh2+ 52. Kc1 Qa2 53. g4 fxg4 54. Rg3 Qf2 55. Rxg4 Qe1+ 56. Kb2 Qe2+ 57. Kc1 Qxg4 58. Kb1 Qe2 59. Ka1 g5 0-1

[Event "Isle of Wight International"]
[Site "Ryde"]
[Date "2025.02.20"]
[Round "5.33"]
[White "Mittal, Advik"]
[Black "Zhang, Junyi"]
[Result "0-1"]
[WhiteElo "1732"]
[BlackElo "2096"]
[PlyCount "110"]
[EventDate "2025.02.18"]
[EventType "swiss"]
[EventRounds "9"]
[EventCountry "ENG"]
[SourceTitle "BritBase"]
[Source "John Saunders"]
[SourceDate "2025.02.21"]
[SourceVersion "1"]
[SourceVersionDate "2025.02.21"]
[SourceQuality "1"]

1. d4 Nf6 2. Bf4 d5 3. e3 c5 4. Nd2 Nc6 5. Ngf3 Bf5 6. Bb5 Qb6 7. c4 e6 8. Qb3 Be7 9. O-O O-O 10. Bxc6 Qxc6 11. Rac1 Rac8 12. h3 Rfd8 13. Rfd1 Qa6 14. Bh2 Bg6 15. a3 Bh5 16. Re1 Bg6 17. Red1 dxc4 18. Qxc4 b5 19. Qe2 c4 20. Ne5 Nd5 21. Nxg6 hxg6 22. e4 Nb6 23. Nf3 Na4 24. Qc2 c3 25. b3 Nb2 26. Re1 b4 27. Re3 Qxa3 28. Bg3 a5 29. Re2 a4 30. bxa4 b3 31. Qb1 c2 32. Rexc2 bxc2 33. Rxc2 Rxc2 34. Qxc2 Nxa4 35. Qc7 Nc3 36. e5 Ne2+ 37. Kh2 Nxd4 38. Nxd4 Rxd4 39. Qc8+ Rd8 40. Qc4 Qd3 41. Qf4 Qd4 42. Qf3 Bh4 43. Bxh4 Qxh4 44. g3 Qd4 45. Kg2 Qxe5 46. Kh2 Rd2 47. Qa8+ Kh7 48. Qf3 Qd4 49. Kg2 Qd5 50. Qxd5 exd5 51. Kf3 d4 52. h4 f5 53. Kg2 Re2 54. Kf3 d3 55. Kg2 d2 0-1

[Event "Isle of Wight International"]
[Site "Ryde"]
[Date "2025.02.20"]
[Round "5.34"]
[White "Patel, Zain"]
[Black "Obrochta, Lena"]
[Result "1-0"]
[WhiteElo "2089"]
[BlackElo "1916"]
[PlyCount "61"]
[EventDate "2025.02.18"]
[EventType "swiss"]
[EventRounds "9"]
[EventCountry "ENG"]
[SourceTitle "BritBase"]
[Source "John Saunders"]
[SourceDate "2025.02.21"]
[SourceVersion "1"]
[SourceVersionDate "2025.02.21"]
[SourceQuality "1"]

1. Nf3 d5 2. d4 Nf6 3. e3 e6 4. Bd3 c5 5. b3 Nc6 6. O-O Bd6 7. Bb2 Qe7 8. Nbd2 O-O 9. Re1 cxd4 10. exd4 Ba3 11. Qc1 Bxb2 12. Qxb2 b6 13. Ne5 Bb7 14. Nxc6 Bxc6 15. a4 Qd6 16. Nf3 a6 17. a5 b5 18. Ne5 Bb7 19. c4 bxc4 20. bxc4 dxc4 21. Nxc4 Qc6 22. Ne3 Rab8 23. Rab1 h5 24. Qb6 Qc3 25. Bf1 Rfc8 26. Qa7 Qxa5 27. Rec1 Qd2 28. Rxc8+ Rxc8 29. Qxb7 Rc3 30. Rd1 Qa2 31. Qxa6 1-0

[Event "Isle of Wight International"]
[Site "Ryde"]
[Date "2025.02.20"]
[Round "5.35"]
[White "Larchikov, Maksym"]
[Black "Pereslavtsev, Alexandr"]
[Result "1/2-1/2"]
[WhiteElo "2088"]
[BlackElo "1946"]
[PlyCount "93"]
[EventDate "2025.02.18"]
[EventType "swiss"]
[EventRounds "9"]
[EventCountry "ENG"]
[SourceTitle "BritBase"]
[Source "John Saunders"]
[SourceDate "2025.02.21"]
[SourceVersion "1"]
[SourceVersionDate "2025.02.21"]
[SourceQuality "1"]

1. d4 Nf6 2. c4 c5 3. d5 b5 4. cxb5 a6 5. bxa6 g6 6. Nc3 Bg7 7. Nf3 O-O 8. g3 Bxa6 9. Bg2 d6 10. O-O Nbd7 11. h3 Qa5 12. Re1 Rfb8 13. e4 Ne8 14. Qc2 Nb6 15. Nd2 Bc4 16. a3 Nc7 17. Rb1 Nb5 18. Nxb5 Qxb5 19. Nxc4 Qxc4 20. Re2 Qxc2 21. Rxc2 Na4 22. b4 Rb7 23. Rb3 Rab8 24. Bf1 cxb4 25. Rxb4 Rxb4 26. axb4 Nc3 27. b5 h5 28. Bd3 Nxb5 29. Bxb5 Rxb5 30. Rc8+ Kh7 31. Bg5 f6 32. Bf4 f5 33. Rc7 fxe4 34. Rxe7 Rxd5 35. Rxe4 g5 36. Be3 Bf6 37. Kf1 Kg7 38. Ke2 Ra5 39. Rb4 Ra2+ 40. Kf3 d5 41. Rb5 g4+ 42. hxg4 hxg4+ 43. Kxg4 d4 44. Bg5 Rxf2 45. Rd5 Bxg5 46. Kxg5 Rf3 47. Rxd4 1/2-1/2

[Event "Isle of Wight International"]
[Site "Ryde"]
[Date "2025.02.20"]
[Round "5.36"]
[White "Kumar, Sanjit S"]
[Black "Bugaj, Hanna"]
[Result "1/2-1/2"]
[WhiteElo "2074"]
[BlackElo "1903"]
[PlyCount "52"]
[EventDate "2025.02.18"]
[EventType "swiss"]
[EventRounds "9"]
[EventCountry "ENG"]
[SourceTitle "BritBase"]
[Source "John Saunders"]
[SourceDate "2025.02.21"]
[SourceVersion "1"]
[SourceVersionDate "2025.02.21"]
[SourceQuality "1"]

1. d4 g6 2. c4 Bg7 3. e4 d6 4. Nc3 c5 5. d5 Bxc3+ 6. bxc3 e5 7. Bd3 Nd7 8. Ne2 h5 9. O-O h4 10. Bc2 g5 11. Ba4 Qe7 12. Be3 Kd8 13. Qd2 f6 14. f3 Kc7 15. Kf2 Qd8 16. Ke1 Ne7 17. Kd1 Ng6 18. Bb3 Nb6 19. Kc2 Bd7 20. Nc1 a5 21. a3 Qe8 22. Nd3 Na4 23. Rab1 Nf4 24. g3 Nxd3 25. Kxd3 Nb6 26. g4 Ra6 1/2-1/2

[Event "Isle of Wight International"]
[Site "Ryde"]
[Date "2025.02.20"]
[Round "5.37"]
[White "Buchwald, Filip"]
[Black "Malinovsky, Ilya"]
[Result "0-1"]
[WhiteElo "1636"]
[BlackElo "2073"]
[PlyCount "30"]
[EventDate "2025.02.18"]
[EventType "swiss"]
[EventRounds "9"]
[EventCountry "ENG"]
[SourceTitle "BritBase"]
[Source "John Saunders"]
[SourceDate "2025.02.21"]
[SourceVersion "1"]
[SourceVersionDate "2025.02.21"]
[SourceQuality "1"]

1. e4 e6 2. d4 d5 3. Nc3 Be7 4. exd5 exd5 5. Bd3 Nc6 6. Be3 Bf6 7. Nf3 Nge7 8. h3 Nf5 9. Bxf5 Bxf5 10. a3 O-O 11. g4 Be4 12. Nxe4 dxe4 13. d5 Ne7 14. Nd2 Nxd5 15. Nxe4 Bxb2 0-1

[Event "Isle of Wight International"]
[Site "Ryde"]
[Date "2025.02.20"]
[Round "5.38"]
[White "Kothari, Jai"]
[Black "Westcott, Dale"]
[Result "1-0"]
[WhiteElo "2070"]
[BlackElo "1770"]
[PlyCount "63"]
[EventDate "2025.02.18"]
[EventType "swiss"]
[EventRounds "9"]
[EventCountry "ENG"]
[SourceTitle "BritBase"]
[Source "John Saunders"]
[SourceDate "2025.02.21"]
[SourceVersion "1"]
[SourceVersionDate "2025.02.21"]
[SourceQuality "1"]

1. e4 c5 2. Nc3 Nc6 3. Bb5 Nd4 4. Nf3 g6 5. Nxd4 cxd4 6. Ne2 a6 7. Ba4 Bg7 8. O-O e6 9. d3 Ne7 10. Bb3 O-O 11. Qe1 d5 12. f3 dxe4 13. fxe4 Nc6 14. Bd2 b5 15. Rd1 Ne5 16. Qg3 a5 17. c3 dxc3 18. Bxc3 Nc6 19. Bxg7 Kxg7 20. d4 Ba6 21. d5 Qb6+ 22. Rf2 a4 23. Bc2 Nb4 24. Qc3+ Kg8 25. Qxb4 exd5 26. Nf4 dxe4 27. Nd5 Qa7 28. Nf6+ Kh8 29. Qxe4 Rad8 30. Rxd8 Rxd8 31. Qh4 h5 32. Qg5 1-0

[Event "Isle of Wight International"]
[Site "Ryde"]
[Date "2025.02.20"]
[Round "5.39"]
[White "Kiese, Matthias"]
[Black "Schell, Finn"]
[Result "1/2-1/2"]
[WhiteElo "2109"]
[BlackElo "1887"]
[PlyCount "111"]
[EventDate "2025.02.18"]
[EventType "swiss"]
[EventRounds "9"]
[EventCountry "ENG"]
[SourceTitle "BritBase"]
[Source "John Saunders"]
[SourceDate "2025.02.21"]
[SourceVersion "1"]
[SourceVersionDate "2025.02.21"]
[SourceQuality "1"]

1. d4 d5 2. c4 e6 3. Nc3 Nf6 4. Bg5 dxc4 5. e3 c5 6. Bxc4 cxd4 7. exd4 Nc6 8. Nf3 Be7 9. O-O O-O 10. a3 a6 11. Ba2 b5 12. Rc1 Bb7 13. Bb1 Rc8 14. Qd3 g6 15. Rfd1 Na5 16. Ba2 Nc4 17. Rc2 Nd5 18. Bxe7 Qxe7 19. Nxd5 Bxd5 20. Bxc4 Bxc4 21. Qe3 Bd5 22. Rdc1 Rxc2 23. Rxc2 Bxf3 24. Qxf3 Rd8 25. g3 Qd7 26. Qf4 Qxd4 27. Qxd4 Rxd4 28. Rc6 a5 29. Rb6 Rd5 30. h4 Kg7 31. Rb7 g5 32. hxg5 Rxg5 33. b3 Rd5 34. Ra7 Rd3 35. Rxa5 Rxb3 36. a4 bxa4 37. Rxa4 h5 38. Kg2 Kg6 39. Ra5 Rd3 40. Rb5 Rd5 41. Rb7 Rf5 42. Ra7 Kg5 43. Ra8 e5 44. Rg8+ Kf6 45. Re8 Kg7 46. Re7 Kg6 47. Re8 f6 48. Re7 Rg5 49. Kf3 Kf5 50. Rh7 Ke6 51. Ke3 f5 52. Rh6+ Kd5 53. Rh8 Ke6 54. Rh6+ Kd5 55. Rh8 Ke6 56. Rh6+ 1/2-1/2

[Event "Isle of Wight International"]
[Site "Ryde"]
[Date "2025.02.20"]
[Round "5.40"]
[White "Galvan Cipriani, Viviana"]
[Black "Brackmann, Hendrik"]
[Result "0-1"]
[WhiteElo "2096"]
[BlackElo "2021"]
[PlyCount "48"]
[EventDate "2025.02.18"]
[EventType "swiss"]
[EventRounds "9"]
[EventCountry "ENG"]
[SourceTitle "BritBase"]
[Source "John Saunders"]
[SourceDate "2025.02.21"]
[SourceVersion "1"]
[SourceVersionDate "2025.02.21"]
[SourceQuality "1"]

1. c4 c5 2. Nc3 Nf6 3. g3 d5 4. cxd5 Nxd5 5. Bg2 Nc7 6. Qa4+ Bd7 7. Qc4 Nc6 8. Nf3 e5 9. O-O Be7 10. b3 O-O 11. Ba3 b5 12. Nxb5 Nxb5 13. Qxb5 e4 14. Bxc5 exf3 15. exf3 Nd4 16. Qc4 Bxc5 17. Qxc5 Bc6 18. f4 Rc8 19. Qxa7 Re8 20. Bxc6 Rxc6 21. f3 Qd5 22. Rad1 Rce6 23. Rf2 Nxf3+ 24. Kg2 Ng5+ 0-1

[Event "Isle of Wight International"]
[Site "Ryde"]
[Date "2025.02.20"]
[Round "5.41"]
[White "Yu, Rock"]
[Black "Adams, Henry"]
[Result "1/2-1/2"]
[WhiteElo "1980"]
[BlackElo "2082"]
[PlyCount "75"]
[EventDate "2025.02.18"]
[EventType "swiss"]
[EventRounds "9"]
[EventCountry "ENG"]
[SourceTitle "BritBase"]
[Source "John Saunders"]
[SourceDate "2025.02.21"]
[SourceVersion "1"]
[SourceVersionDate "2025.02.21"]
[SourceQuality "1"]

1. c4 e5 2. g3 Nf6 3. Bg2 Nc6 4. Nc3 Bb4 5. Nd5 Bc5 6. e3 O-O 7. Ne2 Nxd5 8. cxd5 Ne7 9. O-O d6 10. d4 Bb6 11. a4 c6 12. dxc6 Nxc6 13. d5 Nb8 14. b3 Bc5 15. Bd2 a5 16. Kh1 b6 17. f4 f6 18. fxe5 fxe5 19. Rxf8+ Qxf8 20. Nc3 Na6 21. Qe2 Ra7 22. Rf1 Rf7 23. Rxf7 Qxf7 24. Ne4 h6 25. Bc3 Qg6 26. Bf3 Bf5 27. Nf2 Nc7 28. e4 Bc8 29. Qd2 Qf7 30. Kg2 Na6 31. Ng4 h5 32. Ne3 Bh3+ 33. Kf2 Bg4 34. Qe2 Bxe3+ 35. Kxe3 Bxf3 36. Qxf3 Qxf3+ 37. Kxf3 Nc5 38. b4 1/2-1/2

[Event "Isle of Wight International"]
[Site "Ryde"]
[Date "2025.02.20"]
[Round "5.42"]
[White "Damodaran, Patrick"]
[Black "Pick, Freddie"]
[Result "1-0"]
[WhiteElo "2072"]
[BlackElo "1994"]
[PlyCount "71"]
[EventDate "2025.02.18"]
[EventType "swiss"]
[EventRounds "9"]
[EventCountry "ENG"]
[SourceTitle "BritBase"]
[Source "John Saunders"]
[SourceDate "2025.02.21"]
[SourceVersion "1"]
[SourceVersionDate "2025.02.21"]
[SourceQuality "1"]

1. e4 c5 2. Nf3 Nc6 3. d4 cxd4 4. Nxd4 Nf6 5. Nc3 e5 6. Nxc6 bxc6 7. Bc4 Bb4 8. Qd3 O-O 9. Bd2 Qe7 10. O-O d6 11. Rfe1 Be6 12. a3 Ba5 13. Rad1 Rad8 14. Qf1 Bc7 15. Bg5 h6 16. Bxf6 Qxf6 17. b4 Bb6 18. Rd2 Qe7 19. Bxe6 fxe6 20. Na4 d5 21. Nxb6 axb6 22. c3 Ra8 23. Ra2 b5 24. Qd3 Qf6 25. f3 Ra6 26. a4 Rxa4 27. Rxa4 bxa4 28. Qa6 dxe4 29. Rxe4 Qg5 30. Qxc6 Rxf3 31. Qxe6+ Kh7 32. Rxe5 Qc1+ 33. Re1 Qg5 34. Qe4+ Rf5 35. g4 g6 36. h4 1-0

[Event "Isle of Wight International"]
[Site "Ryde"]
[Date "2025.02.20"]
[Round "5.43"]
[White "Skettos, Nicolas"]
[Black "Murawski, Jan"]
[Result "0-1"]
[WhiteElo "1966"]
[BlackElo "2071"]
[PlyCount "82"]
[EventDate "2025.02.18"]
[EventType "swiss"]
[EventRounds "9"]
[EventCountry "ENG"]
[SourceTitle "BritBase"]
[Source "John Saunders"]
[SourceDate "2025.02.21"]
[SourceVersion "1"]
[SourceVersionDate "2025.02.21"]
[SourceQuality "1"]

1. e4 e5 2. Nf3 Nc6 3. Nc3 Nf6 4. d4 exd4 5. Nxd4 Bb4 6. Nxc6 bxc6 7. Bd3 d5 8. exd5 cxd5 9. O-O O-O 10. Bg5 c6 11. Qf3 Bd6 12. Rae1 Rb8 13. Nd1 h6 14. Bxf6 Qxf6 15. Qxf6 gxf6 16. b3 Be6 17. Ne3 Bb4 18. Rd1 Kh8 19. Nf5 Rg8 20. f4 Bf8 21. Rf3 c5 22. Ne3 Rd8 23. f5 Bc8 24. Bc4 d4 25. Bxf7 Rg5 26. Bg6 Bb7 27. Rg3 Rxg3 28. hxg3 Be4 29. c4 Bd6 30. Nf1 Be5 31. Nd2 Bc2 32. Rc1 d3 33. Kf2 Bd4+ 34. Kf3 Bc3 35. Ke3 Bd4+ 36. Kf3 Bc3 37. Ke3 Rd7 38. Ne4 d2 39. Rxc2 d1=Q 40. Rxc3 Re7 41. Kf4 Rxe4+ 0-1

[Event "Isle of Wight International"]
[Site "Ryde"]
[Date "2025.02.20"]
[Round "5.44"]
[White "Sandhu, Manvith"]
[Black "Lishoy Gengis Paratazham, Dildarav"]
[Result "1/2-1/2"]
[WhiteElo "1904"]
[BlackElo "2045"]
[PlyCount "74"]
[EventDate "2025.02.18"]
[EventType "swiss"]
[EventRounds "9"]
[EventCountry "ENG"]
[SourceTitle "BritBase"]
[Source "John Saunders"]
[SourceDate "2025.02.21"]
[SourceVersion "1"]
[SourceVersionDate "2025.02.21"]
[SourceQuality "1"]

1. e4 d6 2. d4 Nf6 3. Nc3 e5 4. Nf3 Nbd7 5. h3 c6 6. Be3 b5 7. Bd3 Bb7 8. a3 Be7 9. Qd2 g6 10. g4 a6 11. g5 Nh5 12. d5 Qc7 13. Rg1 cxd5 14. Nxd5 Bxd5 15. exd5 Nc5 16. Nh2 Rc8 17. Be2 Ng7 18. Bxc5 Qxc5 19. Bg4 Rc7 20. Rc1 f5 21. Be2 e4 22. Rg3 O-O 23. Rc3 Qb6 24. Rxc7 Qxc7 25. f4 Qc5 26. Nf1 Bxg5 27. fxg5 f4 28. Bg4 a5 29. Rd1 b4 30. axb4 axb4 31. Qf2 e3 32. Qe2 Qc7 33. Nh2 Qa5 34. Nf3 b3+ 35. c3 Qc5 36. h4 Kh8 37. Kf1 Qa5 1/2-1/2

[Event "Isle of Wight International"]
[Site "Ryde"]
[Date "2025.02.20"]
[Round "5.45"]
[White "Ding, Yiwen"]
[Black "Wicken, Jack"]
[Result "1/2-1/2"]
[WhiteElo "1772"]
[BlackElo "2043"]
[PlyCount "51"]
[EventDate "2025.02.18"]
[EventType "swiss"]
[EventRounds "9"]
[EventCountry "ENG"]
[SourceTitle "BritBase"]
[Source "John Saunders"]
[SourceDate "2025.02.21"]
[SourceVersion "1"]
[SourceVersionDate "2025.02.21"]
[SourceQuality "1"]

1. d4 f5 2. c4 Nf6 3. Nc3 g6 4. g3 Bg7 5. Bg2 O-O 6. e3 d6 7. Nge2 Qe8 8. O-O e5 9. Nd5 Nxd5 10. Bxd5+ Kh8 11. Bg2 c6 12. b3 g5 13. f4 gxf4 14. gxf4 Nd7 15. Ng3 e4 16. Bb2 Nf6 17. Rc1 Be6 18. Qe2 d5 19. cxd5 Nxd5 20. Kh1 Rg8 21. Rg1 Nb4 22. Nh5 Nd3 23. Nxg7 Rxg7 24. d5 Nxb2 25. Qxb2 Bxd5 26. Bh3 1/2-1/2

[Event "Isle of Wight International"]
[Site "Ryde"]
[Date "2025.02.20"]
[Round "5.46"]
[White "Hu, Junyan"]
[Black "Sanitt, Ethan"]
[Result "1/2-1/2"]
[WhiteElo "1895"]
[BlackElo "2040"]
[PlyCount "93"]
[EventDate "2025.02.18"]
[EventType "swiss"]
[EventRounds "9"]
[EventCountry "ENG"]
[SourceTitle "BritBase"]
[Source "John Saunders"]
[SourceDate "2025.02.21"]
[SourceVersion "1"]
[SourceVersionDate "2025.02.21"]
[SourceQuality "1"]

1. e4 e6 2. d4 d5 3. e5 c5 4. c3 Nc6 5. Nf3 Qb6 6. a3 c4 7. Nbd2 Na5 8. Rb1 Bd7 9. h4 Qc7 10. Rh3 Ne7 11. b3 cxb3 12. Nxb3 Ba4 13. Nfd2 Nec6 14. Bd3 Nxb3 15. Nxb3 Na5 16. Bc2 Nc4 17. Nd2 Bxc2 18. Qxc2 O-O-O 19. Qa4 Kb8 20. Nxc4 dxc4 21. Be3 b6 22. Rf3 h6 23. Bc1 Rd7 24. Qb5 Kb7 25. a4 a6 26. Qb2 Qc6 27. Be3 Qc7 28. Rf4 g6 29. d5 exd5 30. Bxb6 Qxe5+ 31. Re4 Qxe4+ 32. Be3+ Bb4 33. Qxb4+ Ka8 34. Qb6 Qe6 35. Qa5 Rb8 36. Rxb8+ Kxb8 37. Kf1 Qc6 38. Qb4+ Rb7 39. Qf8+ Qc8 40. Bf4+ Rc7 41. Bxc7+ Kxc7 42. Qxf7+ Qd7 43. Qf4+ Kb7 44. Qxh6 Qxa4 45. Qg7+ Kc8 46. Qf8+ Kc7 47. Qf4+ 1/2-1/2

[Event "Isle of Wight International"]
[Site "Ryde"]
[Date "2025.02.20"]
[Round "5.47"]
[White "Waterfield, Mark"]
[Black "Walton, Alan J"]
[Result "1-0"]
[WhiteElo "1892"]
[BlackElo "2034"]
[PlyCount "85"]
[EventDate "2025.02.18"]
[EventType "swiss"]
[EventRounds "9"]
[EventCountry "ENG"]
[SourceTitle "BritBase"]
[Source "John Saunders"]
[SourceDate "2025.02.21"]
[SourceVersion "1"]
[SourceVersionDate "2025.02.21"]
[SourceQuality "1"]

1. e4 e6 2. d4 d5 3. Nd2 Be7 4. Ngf3 Nf6 5. e5 Nfd7 6. Bd3 c5 7. c3 b6 8. Nf1 Ba6 9. Bxa6 Nxa6 10. Ng3 b5 11. O-O c4 12. Ne1 Nb6 13. Qg4 g6 14. Bh6 Kd7 15. Qf4 Qg8 16. Nf3 Bf8 17. b3 Bxh6 18. Qxh6 Qf8 19. Qf4 Qe7 20. Rfb1 Nc7 21. Nd2 Rab8 22. a4 bxa4 23. bxc4 dxc4 24. Nge4 Ncd5 25. Qf3 Rhc8 26. Nc5+ Ke8 27. Nde4 Kf8 28. Nd6 Rc6 29. Rxa4 Kg7 30. Nxc4 Nxa4 31. Rxb8 Nxc5 32. dxc5 Qxc5 33. Nd6 Qxc3 34. Qxf7+ Kh6 35. Qf8+ Kh5 36. g3 Qe1+ 37. Kg2 Rc1 38. Qf3+ Kh6 39. Qf8+ Kh5 40. g4+ Kg5 41. h4+ Kxh4 42. Qh6+ Kxg4 43. f3# 1-0